Agriculture in economic development (Record no. 629598)
[ view plain ]
| 000 -LEADER | |
|---|---|
| fixed length control field | 00884nam a2200265Ia 4500 |
| 003 - CONTROL NUMBER IDENTIFIER | |
| control field | OSt |
| 005 - DATE AND TIME OF LATEST TRANSACTION | |
| control field | 20220926014704.0 |
| 008 - FIXED-LENGTH DATA ELEMENTS--GENERAL INFORMATION | |
| fixed length control field | 220923b |||||||| |||| 00| 0 eng d |
| 037 ## - SOURCE OF ACQUISITION | |
| Terms of availability | General Book |
| 040 ## - CATALOGING SOURCE | |
| Original cataloging agency | RTL |
| Transcribing agency | RTL |
| Language of cataloging | eng |
| 041 ## - LANGUAGE CODE | |
| Source of code | eng |
| Language code of text/sound track or separate title | eng |
| 100 ## - MAIN ENTRY--PERSONAL NAME | |
| Personal name | Eicher Carl |
| 9 (RLIN) | 320956 |
| 245 #0 - TITLE STATEMENT | |
| Title | Agriculture in economic development |
| 260 ## - PUBLICATION, DISTRIBUTION, ETC. | |
| Place of publication, distribution, etc. | New York |
| Name of publisher, distributor, etc. | McGraw-Hill U S A |
| Date of publication, distribution, etc. | 1964 |
| 300 ## - PHYSICAL DESCRIPTION | |
| Extent | vi,415p. |
| Dimensions | cm. |
| 490 ## - SERIES STATEMENT | |
| Series statement | McGraw-Hill Series in International Development. Ed by E Gordon Alderfer, and others |
| 500 ## - GENERAL NOTE | |
| General note | Bibliography: p. 399-404; Reprinted: Bombay, Vora, 1970 |
| 650 ## - SUBJECT ADDED ENTRY--TOPICAL TERM | |
| Topical term or geographic name entry element | Agricultural Industry Prices |
| 9 (RLIN) | 232198 |
| 700 ## - ADDED ENTRY--PERSONAL NAME | |
| Personal name | Witt Lawrence W Ed. |
| 9 (RLIN) | 320957 |
| 942 ## - ADDED ENTRY ELEMENTS (KOHA) | |
| Classification part | X9(J):77, K4;3 |
| Koha item type | General Books |
| Source of classification or shelving scheme | Colon Classification (CC) |
| Withdrawn status | Lost status | Damaged status | Not for loan | Home library | Current library | Date acquired | Total Checkouts | Full call number | Barcode | Date last seen | Price effective from | Koha item type |
|---|---|---|---|---|---|---|---|---|---|---|---|---|
| Ratan Tata Library | Ratan Tata Library | 2022-09-26 | X9(J):77 K4;3 | RT0913911 | 2022-09-26 | 2022-09-26 | General Books |
